=LDR 00000nam 2200000 4500 =001 INLIS000000000035060 =005 20130612140938 =008 ***********************************Ind** =035 ##$$0010-061300000035060 =041 ##$$a Ind =082 ##$$a 813 =090 ##$$a 813, Son s =100 ##$$a Sones, Sonya =245 ##$$a Salah satu buku mengerikan yang tokoh ibunya mati, Sonya Sones =260 ##$$a 2007 $b Jakarta =300 ##$$a 275 hlm, 20 cm =650 ##$$a Sastra Indonesia =850 ##$$a NBPNMAT